[Event "Chigorin Memorial 25th"]
[Site "St Petersburg"]
[Date "2017.10.25"]
[Round "5"]
[White "Gaifullin, Artur"]
[Black "Zimin, Alexey"]
[Result "1-0"]
[WhiteElo "2414"]
[BlackElo "2227"]
[PlyCount "129"]
[EventDate "2017.10.21"]
[EventType "swiss"]
[EventRounds "9"]
[EventCountry "RUS"]
[SourceTitle "CBM 181 Extra"]
[Source "ChessBase"]
[SourceDate "2017.12.12"]
[SourceVersion "1"]
[SourceVersionDate "2017.12.12"]
[SourceQuality "1"]

1. d4 d5 2. c4 e6 3. Nf3 c5 4. cxd5 exd5 5. g3 Nc6 6. Bg2 Nf6 7. 0-0 Be7 8. Nc3 0-0 9. dxc5 Bxc5 10. Bg5 d4 11. Bxf6 Qxf6 12. Nd5 Qf5 13. Nd2 Rd8 14. Nf4 Bd6 15. Nd3 Be6 16. Rc1 Bd5 17. Bxd5 Qxd5 18. Qb3 Qxb3 19. Nxb3 Re8 20. Rc2 Re7 21. Rd1 Rae8 22. Kf1 g6 23. a3 h5 24. Ne1 Be5 25. Nf3 Bf6 26. Nbxd4 Nxd4 27. Nxd4 Rd7 28. e3 Red8 29. Ke2 a6 30. h4 Bxd4 31. Rcd2 Rc7 32. Rxd4 Rxd4 33. Rxd4 Kg7 34. Rd6 Rc2+ 35. Rd2 Rc6 36. Kf3 Kf6 37. Rd4 Ke6 38. Rb4 b5 39. b3 Rc5 40. a4 bxa4 41. bxa4 Ke5 42. Rb7 Ra5 43. Rxf7 Rxa4 44. Rg7 Kf6 45. Ra7 Ra2 46. e4 a5 47. Ra6+ Kf7 48. Ra7+ Ke6 49. Ke3 a4 50. f3 a3 51. Kf4 Ra1 52. Kg5 a2 53. Kxg6 Rg1 54. Rxa2 Rxg3+ 55. Kxh5 Rxf3 56. Kg4 Rf1 57. h5 Ke5 58. Ra5+ Kxe4 59. h6 Rh1 60. Kg5 Rg1+ 61. Kf6 Rh1 62. Kg6 Rg1+ 63. Rg5 Ra1 64. h7 Ra6+ 65. Kh5 1-0

[Event "Moscow op-A"]
[Site "Moscow"]
[Date "2014.02.03"]
[Round "3"]
[White "Zimin, Alexey"]
[Black "Frolyanov, Dmitry"]
[Result "1/2-1/2"]
[WhiteElo "2216"]
[BlackElo "2577"]
[PlyCount "61"]
[EventDate "2014.02.01"]
[EventType "swiss"]
[EventRounds "9"]
[EventCountry "RUS"]
[SourceTitle "CBM 158 Extra"]
[Source "ChessBase"]
[SourceDate "2014.02.28"]
[SourceVersion "1"]
[SourceVersionDate "2014.02.28"]
[SourceQuality "1"]

1. e4 c5 2. Nf3 Nc6 3. d4 cxd4 4. Nxd4 e6 5. Nc3 d6 6. Be3 Nf6 7. Qe2 Be7 8. 0-0-0 0-0 9. f4 Nxd4 10. Rxd4 Qa5 11. g4 Bd7 12. g5 Ne8 13. Bh3 b5 14. Kb1 Bd8 15. f5 b4 16. fxe6 Bxe6 17. Bxe6 fxe6 18. Nd1 Bb6 19. Rc4 d5 20. exd5 Nd6 21. Rf4 Qxd5 22. Re1 Rxf4 23. Bxf4 Rf8 24. Ne3 Bxe3 25. Bxe3 a5 26. Bc1 Re8 27. Qe5 Kf7 28. Rf1+ Kg8 29. Re1 Kf7 30. Rf1+ Kg8 31. Re1 1/2-1/2

[Event "St Petersburg Botvinnik 100 op"]
[Site "St Petersburg"]
[Date "2011.08.19"]
[Round "8"]
[White "Androsov, Sergey"]
[Black "Zimin, Alexey"]
[Result "0-1"]
[WhiteElo "2090"]
[BlackElo "2235"]
[PlyCount "42"]
[EventDate "2011.08.12"]
[EventType "swiss"]
[EventRounds "9"]
[EventCountry "RUS"]
[SourceTitle "CBM 143 Extra"]
[Source "ChessBase"]
[SourceDate "2011.08.29"]
[SourceVersion "1"]
[SourceVersionDate "2011.08.29"]
[SourceQuality "1"]

1. e4 c5 2. Nf3 e6 3. d4 cxd4 4. Nxd4 Nf6 5. Nc3 Nc6 6. a3 d5 7. Bb5 Bd7 8. exd5 Nxd5 9. Nxd5 exd5 10. 0-0 Be7 11. Nxc6 bxc6 12. Bd3 0-0 13. Qh5 f5 14. c4 g6 15. Qf3 Be6 16. Re1 Bf7 17. Bh6 Re8 18. cxd5 Qxd5 19. Qg3 Bf6 20. Rad1 Rad8 21. Bc2 Qxd1 0-1

[Event "St Petersburg Botvinnik 100 op"]
[Site "St Petersburg"]
[Date "2011.08.18"]
[Round "7"]
[White "Zimin, Alexey"]
[Black "Ovod, Evgenija"]
[Result "0-1"]
[WhiteElo "2235"]
[BlackElo "2420"]
[PlyCount "94"]
[EventDate "2011.08.12"]
[EventType "swiss"]
[EventRounds "9"]
[EventCountry "RUS"]
[SourceTitle "CBM 143 Extra"]
[Source "ChessBase"]
[SourceDate "2011.08.29"]
[SourceVersion "1"]
[SourceVersionDate "2011.08.29"]
[SourceQuality "1"]

1. e4 e5 2. f4 exf4 3. Nf3 d5 4. exd5 Nf6 5. Bb5+ c6 6. dxc6 Nxc6 7. d4 Bd6 8. Qe2+ Be6 9. Ng5 0-0 10. Nxe6 fxe6 11. Qxe6+ Kh8 12. Bxc6 bxc6 13. 0-0 Qc7 14. Nd2 Rae8 15. Qh3 c5 16. Nc4 g5 17. d5 Be5 18. d6 Bd4+ 19. Be3 Rxe3 20. dxc7 Rxh3+ 21. Kh1 Rh6 22. Nd6 Ng4 23. Nf7+ Kg7 24. Nxh6 Kxh6 25. g3 Be5 26. gxf4 gxf4 27. Rf3 Kg5 28. Rd1 Bxc7 29. Rd5+ Rf5 30. Rxf5+ Kxf5 31. Rc3 Bb6 32. a4 Nf2+ 33. Kg2 Ne4 34. Rh3 c4 35. a5 Be3 36. b4 cxb3 37. cxb3 Kg4 38. Rxh7 f3+ 39. Kh1 f2 40. Rf7 Nd2 41. Kg2 f1Q+ 42. Rxf1 Nxf1 43. Kxf1 Bd2 44. a6 Kh3 45. b4 Bxb4 46. Kg1 Bc5+ 47. Kh1 Bd6 0-1

[Event "St Petersburg Botvinnik 100 op"]
[Site "St Petersburg"]
[Date "2011.08.15"]
[Round "4"]
[White "Dzhumagaliev, Yan"]
[Black "Zimin, Alexey"]
[Result "1/2-1/2"]
[WhiteElo "2375"]
[BlackElo "2235"]
[PlyCount "90"]
[EventDate "2011.08.12"]
[EventType "swiss"]
[EventRounds "9"]
[EventCountry "RUS"]
[SourceTitle "CBM 143 Extra"]
[Source "ChessBase"]
[SourceDate "2011.08.29"]
[SourceVersion "1"]
[SourceVersionDate "2011.08.29"]
[SourceQuality "1"]

1. d4 d5 2. c4 c6 3. Nf3 Nf6 4. e3 a6 5. Bd3 Bg4 6. Qb3 Qc7 7. Ne5 Bh5 8. cxd5 cxd5 9. 0-0 Bg6 10. Bd2 Bxd3 11. Qxd3 e6 12. Rc1 Nc6 13. Nxc6 bxc6 14. Nc3 Bd6 15. h3 0-0 16. Rc2 c5 17. dxc5 Qxc5 18. e4 Nxe4 19. Nxe4 dxe4 20. Qxe4 Qe5 21. Re1 Qh2+ 22. Kf1 Rab8 23. Bc3 Rfd8 24. Qg4 e5 25. Rd2 h5 26. Qf3 Bc7 27. Ke2 Bb6 28. Red1 Bd4 29. Qg3 Qxg3 30. fxg3 Re8 31. Bxd4 exd4+ 32. Kf2 Re4 33. b3 Rd8 34. Rc1 Rd6 35. Rd3 f5 36. Rc5 g6 37. Rc7 Kf8 38. a4 Re7 39. Rc4 Re4 40. b4 Ke7 41. b5 axb5 42. axb5 Ke6 43. Rb4 Rb6 44. Rdxd4 Rxd4 45. Rxd4 Rxb5 1/2-1/2

[Event "Moscow op-C"]
[Site "Moscow"]
[Date "2011.02.03"]
[Round "6"]
[White "Koltunovsky, Evgeny"]
[Black "Zimin, Alexey"]
[Result "0-1"]
[WhiteElo "1806"]
[BlackElo "2208"]
[PlyCount "46"]
[EventDate "2011.01.29"]
[EventType "swiss"]
[EventRounds "9"]
[EventCountry "RUS"]
[SourceTitle "EXT 2012"]
[Source "ChessBase"]
[SourceDate "2011.11.24"]
[SourceVersion "1"]
[SourceVersionDate "2011.11.24"]
[SourceQuality "1"]

1. d4 d5 2. c4 e6 3. cxd5 exd5 4. Nc3 c5 5. dxc5 d4 6. Ne4 Nc6 7. Nf3 Bf5 8. Ng3 Bg4 9. Qa4 Bxc5 10. Bd2 Nf6 11. Rc1 Qd6 12. Qb5 Bb6 13. h3 Bxf3 14. gxf3 g6 15. Bg2 0-0 16. 0-0 d3 17. e3 Rad8 18. Qg5 Nd5 19. e4 Nde7 20. Bf4 f6 21. Qh6 Ne5 22. Bxe5 fxe5 23. h4 Nc6 0-1

[Event "Moscow op-B"]
[Site "Moscow"]
[Date "2009.02.07"]
[Round "8"]
[White "Savchuk, Vladimir"]
[Black "Zimin, Alexey"]
[Result "0-1"]
[WhiteElo "2081"]
[BlackElo "2193"]
[PlyCount "45"]
[EventDate "2009.01.31"]
[EventType "swiss"]
[EventRounds "9"]
[EventCountry "RUS"]
[SourceTitle "EXT 2012"]
[Source "ChessBase"]
[SourceDate "2011.11.24"]
[SourceVersion "1"]
[SourceVersionDate "2011.11.24"]
[SourceQuality "1"]

1. d4 d5 2. c4 e6 3. Nc3 Be7 4. Nf3 Nf6 5. Bg5 h6 6. Bh4 0-0 7. e3 b6 8. cxd5 Nxd5 9. Bxe7 Nxe7 10. Bd3 Bb7 11. 0-0 Nd7 12. b4 c5 13. bxc5 bxc5 14. Be4 Bxe4 15. Nxe4 cxd4 16. Nxd4 Nd5 17. Qa4 N7b6 18. Qb3 Rc8 19. Rfc1 Qe7 20. h3 Rxc1+ 21. Rxc1 Rc8 22. Rc5 Rxc5 23. Nxc5 0-1

[Event "Moscow op-B"]
[Site "Moscow"]
[Date "2009.02.05"]
[Round "6"]
[White "Rozhkovan, Vadim"]
[Black "Zimin, Alexey"]
[Result "1-0"]
[WhiteElo "1400"]
[BlackElo "2193"]
[PlyCount "63"]
[EventDate "2009.01.31"]
[EventType "swiss"]
[EventRounds "9"]
[EventCountry "RUS"]
[SourceTitle "EXT 2012"]
[Source "ChessBase"]
[SourceDate "2011.11.24"]
[SourceVersion "1"]
[SourceVersionDate "2011.11.24"]
[SourceQuality "1"]

1. c4 e6 2. Nc3 d5 3. cxd5 exd5 4. d4 Be7 5. Nf3 Nf6 6. Bg5 h6 7. Bh4 0-0 8. e3 b6 9. Bd3 Ba6 10. 0-0 Bxd3 11. Qxd3 c6 12. Rac1 Nbd7 13. Rc2 Rc8 14. Rfc1 c5 15. dxc5 Nxc5 16. Qd4 Ne6 17. Qd1 g5 18. Bg3 Rc5 19. Nd4 Re8 20. Nb3 Rc4 21. Nxd5 Rxc2 22. Nxe7+ Qxe7 23. Qxc2 Rd8 24. Be5 Ng4 25. Bc3 Qd6 26. g3 Qd5 27. e4 Qd6 28. Qe2 Ne5 29. Qh5 Kh7 30. f4 Ng6 31. f5 Qd3 32. Re1 1-0

[Event "Moscow op-B"]
[Site "Moscow"]
[Date "2009.02.04"]
[Round "5"]
[White "Zimin, Alexey"]
[Black "Galynin, Dmitri"]
[Result "1-0"]
[WhiteElo "2193"]
[BlackElo "2049"]
[PlyCount "67"]
[EventDate "2009.01.31"]
[EventType "swiss"]
[EventRounds "9"]
[EventCountry "RUS"]
[SourceTitle "EXT 2012"]
[Source "ChessBase"]
[SourceDate "2011.11.24"]
[SourceVersion "1"]
[SourceVersionDate "2011.11.24"]
[SourceQuality "1"]

1. e4 c5 2. Nf3 Nc6 3. Nc3 g6 4. d4 cxd4 5. Nxd4 Bg7 6. Be3 d6 7. Bc4 Nf6 8. f3 0-0 9. Bb3 a6 10. Qd2 Bd7 11. h4 Na5 12. h5 Nxb3 13. axb3 Re8 14. hxg6 fxg6 15. Bh6 Bh8 16. Bg5 Rc8 17. g4 Rf8 18. 0-0-0 Qa5 19. Kb1 Rf7 20. Qe3 Qc5 21. Rhe1 b5 22. b4 Qxb4 23. Nb3 Be6 24. Rd4 Rc4 25. Na2 Qa4 26. Nc3 Qb4 27. e5 dxe5 28. Rd8+ Rf8 29. Rxf8+ Kxf8 30. Qxe5 Bf7 31. Rd1 Rc8 32. Rd4 Bc4 33. Nd5 Ng8 34. Qf4+ 1-0

[Event "Vladimir op-B"]
[Site "Vladimir"]
[Date "2008.08.20"]
[Round "8"]
[White "Volkov, Sergei"]
[Black "Zimin, Alexey"]
[Result "1-0"]
[WhiteElo "2256"]
[BlackElo "2185"]
[PlyCount "73"]
[EventDate "2008.08.12"]
[EventType "swiss"]
[EventRounds "10"]
[EventCountry "RUS"]
[SourceTitle "CBM 126 Extra"]
[Source "ChessBase"]
[SourceDate "2008.11.05"]
[SourceVersion "1"]
[SourceVersionDate "2008.11.05"]
[SourceQuality "1"]

1. Nf3 d5 2. b3 c5 3. e3 Nf6 4. Bb2 e6 5. d4 Be7 6. Bd3 0-0 7. Nbd2 b6 8. Qe2 Nc6 9. a3 Qc7 10. 0-0 cxd4 11. exd4 Nd7 12. c4 Bb7 13. Rac1 Rfe8 14. b4 Qf4 15. Rc2 Bf6 16. Qe3 Qxe3 17. fxe3 Rac8 18. Rfc1 Ne7 19. e4 g6 20. e5 Bg7 21. c5 Bh6 22. Bb5 Bc6 23. Bxc6 Rxc6 24. b5 Rc7 25. c6 Nb8 26. a4 Nf5 27. Ba3 Bf8 28. Rc3 Bxa3 29. Rxa3 a5 30. Kf2 Ne7 31. Nf1 Rd8 32. Rac3 Kg7 33. g4 h6 34. Ne3 Rh8 35. Ne1 Rd8 36. Nd3 Rf8 37. Kg3 1-0

[Event "Vladimir op-B"]
[Site "Vladimir"]
[Date "2008.08.16"]
[Round "5"]
[White "Zimin, Alexey"]
[Black "Mukhamadeev, Frangiz"]
[Result "1-0"]
[WhiteElo "2185"]
[BlackElo "1976"]
[PlyCount "47"]
[EventDate "2008.08.12"]
[EventType "swiss"]
[EventRounds "10"]
[EventCountry "RUS"]
[SourceTitle "CBM 126 Extra"]
[Source "ChessBase"]
[SourceDate "2008.11.05"]
[SourceVersion "1"]
[SourceVersionDate "2008.11.05"]
[SourceQuality "1"]

1. e4 c6 2. Nc3 d5 3. Nf3 Bg4 4. Be2 e6 5. h3 Bxf3 6. Bxf3 Nf6 7. d4 Bb4 8. e5 Nfd7 9. 0-0 c5 10. Nb5 cxd4 11. Qxd4 Nc6 12. Qg4 Kf8 13. Bf4 Qb6 14. c4 Ncxe5 15. Qg3 Nxc4 16. Nc7 Rc8 17. Bxd5 exd5 18. Nxd5 Qb5 19. Rad1 Nxb2 20. Bd6+ Kg8 21. Ne7+ Kf8 22. Nxc8+ Ke8 23. Qxg7 Nxd1 24. Qxh8+ 1-0

[Event "Vladimir op-B"]
[Site "Vladimir"]
[Date "2008.08.14"]
[Round "3"]
[White "Zimin, Alexey"]
[Black "Zuykov, Andrei"]
[Result "0-1"]
[WhiteElo "2185"]
[BlackElo "2296"]
[PlyCount "98"]
[EventDate "2008.08.12"]
[EventType "swiss"]
[EventRounds "10"]
[EventCountry "RUS"]
[SourceTitle "CBM 126 Extra"]
[Source "ChessBase"]
[SourceDate "2008.11.05"]
[SourceVersion "1"]
[SourceVersionDate "2008.11.05"]
[SourceQuality "1"]

1. e4 c5 2. Nf3 d6 3. d4 cxd4 4. Nxd4 Nf6 5. Nc3 a6 6. Bg5 e6 7. f4 Be7 8. Qf3 Qc7 9. 0-0-0 Nbd7 10. Bd3 b5 11. Rhe1 Bb7 12. Qg3 0-0-0 13. Bxb5 axb5 14. Ndxb5 Qb6 15. e5 dxe5 16. fxe5 Nd5 17. Bxe7 Nxe7 18. Nd6+ Kb8 19. Nxf7 Nf5 20. Qf4 Nc5 21. Nxh8 Rxh8 22. Na4 Nxa4 23. Qxa4 Rc8 24. Re2 Qc5 25. g4 Ne3 26. Rd7 Nc4 27. Rd1 Qb6 28. b3 Bf3 29. bxc4 Bxe2 30. Rd6 Qe3+ 31. Kb1 Bxc4 32. Qb4+ Ka8 33. Qa4+ Qa7 34. Qxa7+ Kxa7 35. Rd7+ Kb6 36. Rxg7 Rc7 37. Rg5 Ra7 38. Kb2 Rxa2+ 39. Kc3 Kc5 40. Rh5 Ra7 41. h3 Kd5 42. Kd2 Ke4 43. Rg5 Kf4 44. Rh5 Bd5 45. g5 Be4 46. Rh6 Kxe5 47. Rf6 Ra2 48. h4 Rxc2+ 49. Ke3 Bf5 0-1

[Event "Moscow op-B 04th"]
[Site "Moscow"]
[Date "2008.02.04"]
[Round "3"]
[White "Vetryansky, Vladimir"]
[Black "Zimin, Alexey"]
[Result "1-0"]
[WhiteElo "2038"]
[BlackElo "2206"]
[PlyCount "42"]
[EventDate "2008.02.02"]
[EventType "swiss"]
[EventRounds "9"]
[EventCountry "RUS"]
[SourceTitle "CBM 122 Extra"]
[Source "ChessBase"]
[SourceDate "2008.03.04"]
[SourceVersion "1"]
[SourceVersionDate "2008.03.04"]
[SourceQuality "1"]

1. e4 c5 2. Nc3 e6 3. g3 Nf6 4. Bg2 Nc6 5. d3 Be7 6. f4 d5 7. e5 Nd7 8. Nf3 a6 9. a4 f5 10. h4 Rb8 11. Ng5 Nd4 12. Ne2 Bxg5 13. hxg5 Nc6 14. Nc3 b5 15. axb5 axb5 16. Qh5+ g6 17. Qh6 Qe7 18. Kd1 b4 19. Ne2 Bb7 20. Be3 Qf8 21. Qh3 Qg7 1-0

[Event "Moscow op-B 04th"]
[Site "Moscow"]
[Date "2008.02.03"]
[Round "2"]
[White "Zimin, Alexey"]
[Black "Pozdeev, Nikita"]
[Result "1-0"]
[WhiteElo "2206"]
[BlackElo "1983"]
[PlyCount "57"]
[EventDate "2008.02.02"]
[EventType "swiss"]
[EventRounds "9"]
[EventCountry "RUS"]
[SourceTitle "CBM 122 Extra"]
[Source "ChessBase"]
[SourceDate "2008.03.04"]
[SourceVersion "1"]
[SourceVersionDate "2008.03.04"]
[SourceQuality "1"]

1. e4 e6 2. d4 d5 3. Nc3 Nf6 4. Bg5 Be7 5. e5 Nfd7 6. Bxe7 Qxe7 7. f4 a6 8. Nf3 c5 9. Qd2 Nc6 10. dxc5 Qxc5 11. 0-0-0 b5 12. Kb1 b4 13. Ne2 Bb7 14. Ned4 Qa5 15. f5 Nc5 16. fxe6 fxe6 17. Ng5 Nxd4 18. Qxd4 h6 19. Nf3 0-0 20. h4 Rab8 21. Bd3 Na4 22. Ka1 Bc6 23. Qg4 Be8 24. Qxe6+ Bf7 25. Qxa6 Ra8 26. Qxa5 Rxa5 27. Nd4 Nc5 28. Nc6 Raa8 29. Nxb4 1-0

[Event "Moscow-ch 1/2 final"]
[Site "Moscow"]
[Date "2002.??.??"]
[Round "7"]
[White "Zimin, Alexey"]
[Black "Nikolenko, Oleg"]
[Result "0-1"]
[WhiteElo "2196"]
[BlackElo "2520"]
[PlyCount "60"]
[EventDate "2002.03.??"]
[EventType "swiss"]
[EventRounds "11"]
[EventCountry "RUS"]
[SourceTitle "EXT 2003"]
[Source "ChessBase"]
[SourceDate "2002.11.25"]
[SourceVersion "1"]
[SourceVersionDate "2002.11.25"]
[SourceQuality "1"]

1. e4 c5 2. Nf3 e6 3. d4 cxd4 4. Nxd4 a6 5. Nc3 b5 6. Be2 Bb7 7. a3 Qc7 8. 0-0 Nf6 9. Bf3 Nc6 10. Re1 Ne5 11. Bf4 d6 12. Qe2 Be7 13. Bxe5 dxe5 14. Nb3 0-0 15. Rad1 Rfd8 16. Rxd8+ Rxd8 17. Rd1 Rc8 18. Rd3 h6 19. Qd1 Bc6 20. g3 a5 21. Qe1 Be8 22. Bd1 b4 23. axb4 axb4 24. Nb1 Qa7 25. N3d2 Qa1 26. b3 Bb5 27. Rf3 Qb2 28. Kg2 Rd8 29. c4 bxc3 30. Nxc3 Qxd2 0-1